Datum a čas kvízu

18.5 Celkem bodů Celkový počet nahraných bodů na tomto kvízu bez doplňovacích otázek.
1. Pořadí na kvízu Konečné umístění týmu na tomto kvízu.

Zaznamenané odpovědi

# Otázka Odpověď Body Výsledky
1. Český prezident Miloš Zeman se... Vídeň, šilink (Schilling) 1
2. Mezinárodní skupina vědců přiš... Skrillex 0
3. Jak se jmenuje černá komedie r... Teroristka 1
4. Minulý týden bylo oznámeno, že... Prima a CNN 1
5. Minulý čtvrtek začalo ve finsk... v ledním hokeji (žen) 1
6. V tomto tématu ověříme vaše zn... pouze jelení zvěř 0
7. Kterým slovem začínajícím na p... kozlice 0
8. Která zvířata je možno spatřit... bílí jeleni 0
9. Kolikaterák je tento jelen? desaterák (nerovný) 0
10. Co v myslivecké mluvě znamená... kančí kly 0